000 01234nam a22003617a 4500
003 CHAP
005 20220329133826.0
008 971013s1985 r 00010 d
010 _a11433
011 _a12405
035 _a15590
040 _cCHAP
082 _a634.9
_bM3
100 0 0 _aMassey. Joseph G.
_eed.
_972824
245 _aSoftware solutions
_b: proceedings of a computer symposium
260 _aFlorence, Al. :
_bForest Resources Systems Institute,
_c1985
300 _a228 p.
_b: ilus. ; gráfs.
500 _aD14-25
590 _aBATCH-UPD
_b10
_c20130110
_lUCH01
_h0114
590 _aBATCH-UPD
_b10
_c20130110
_lUCH01
_h1616
590 _aBATCH-UPD
_b10
_c20130409
_lUCH01
_h2106
590 _aBATCH-UPD
_b10
_c20130410
_lUCH01
_h1010
590 _aBATCH-UPD
_b10
_c20130914
_lUCH01
_h0708
590 _aCONVERSION
_b10
_c20130109
_lUCH01
_h1308
650 1 4 _aBosques
_xSistemas de información.
_914387
650 1 4 _aProcesamiento automático de datos en bosques.
_991760
650 1 4 _aProgramación (Computadoras)
_992368
700 0 _aCooney, Timothy M.
_eed.
_927741
700 0 _aGreber, Brian J.
_eed.
_950530
901 _aBK
942 _cLIBRO
949 _a634.9 M3
_bBC
_cLIBRO
_d33724000222782
_eLIBRO
_h1235
_i15590
_si
999 _c11433
_d11433